Catálogo

Vista normal Vista MARC

Entrada Personal Name

Número de registros utilizados en: 1

001 - CONTROL NUMBER

  • control field: 7236

003 - CONTROL NUMBER IDENTIFIER

  • control field: OSt

005 - DATE AND TIME OF LATEST TRANSACTION

  • control field: 20180716125340.0

008 - FIXED-LENGTH DATA ELEMENTS

  • fixed length control field: 851025n| acannaab |n aaa

010 ## - LIBRARY OF CONGRESS CONTROL NUMBER

  • LC control number: 85208653

035 ## - SYSTEM CONTROL NUMBER

  • System control number: (DLC)n 85208653

040 ## - CATALOGING SOURCE

  • Original cataloging agency: DLC
  • Language of cataloging: spa
  • Description conventions: rda
  • Transcribing agency: DLC
  • Modifying agency: DLC

100 1# - HEADING--PERSONAL NAME

  • Personal name: Wood, Mary M.,

375 ## - GENDER

  • Gender: mujer

377 ## - ASSOCIATED LANGUAGE

  • Language code: spa

670 ## - SOURCE DATA FOUND

  • Source citation: Biblioteca del Congreso (Estados Unidos), 15 mayo 2018 :
  • Information found: catálogo electrónico
  • Uniform Resource Identifier: https://goo.gl/c8RLV4

670 ## - SOURCE DATA FOUND

  • Source citation: Developmental therapy in the classroom, c1986:
  • Information found: CIP t.p. (Mary M. Wood)

670 ## - SOURCE DATA FOUND

  • Source citation: LC data base, 10-22-85
  • Information found: (hdg.: Wood, Mary M.)

670 ## - SOURCE DATA FOUND

  • Source citation: Un manual para maestras y reeducadores que se desempeñan como terapeutas de los niños pequeños con trastornos emocionales, 1981:
  • Information found: portada (Mary M. Wood)

953 ## -

  • : ea04